[Event "Jaipur op 1st"]
[Site "Jaipur"]
[Date "2024.05.29"]
[Round "2"]
[White "Badrinath, S."]
[Black "Kesharwani, Shivansh"]
[Result "1-0"]
[WhiteElo "2033"]
[BlackElo "1597"]
[PlyCount "75"]
[EventDate "2024.05.29"]
[EventType "swiss"]
[EventRounds "9"]
[EventCountry "IND"]
[SourceTitle "CBM 220 Extra"]
[Source "ChessBase"]
[SourceDate "2024.07.31"]
[SourceVersion "1"]
[SourceVersionDate "2024.07.31"]
[SourceQuality "1"]

1. e4 e6 2. d4 d5 3. Nd2 c5 4. exd5 exd5 5. Ngf3 Nc6 6. Bb5 Qe7+ 7. Be2 Qc7 8. 0-0 Nf6 9. Re1 cxd4 10. Bb5+ Be7 11. Qe2 a6 12. Bxc6+ bxc6 13. Nxd4 c5 14. Nc6 Be6 15. Nxe7 Kxe7 16. Nb3 Rhe8 17. Bg5 h6 18. Bh4 g5 19. Bg3 Qb6 20. Be5 Ng8 21. Rad1 Rad8 22. Qe3 d4 23. Qg3 Rd7 24. f4 d3 25. f5 c4+ 26. Nd4 Rxd4 27. Bxd4 Qxd4+ 28. Qf2 Qxb2 29. fxe6 fxe6 30. Qc5+ Kf7 31. cxd3 cxd3 32. Rxd3 Qxa2 33. Rf1+ Kg6 34. Qe5 Qc4 35. Rd7 Qb3 36. Rg7+ Kh5 37. Qe2+ Kh4 38. Rf4+ 1-0